| Tag |
First Indicator |
Second Indicator |
Subfields |
| LEADER |
00000pam a2200000 a 4500 |
| 001 |
in00000085723 |
| 005 |
20151008053253.0 |
| 008 |
811104s1981 enkc b 01100 eng |
| 010 |
|
|
|a 81018813
|
| 020 |
|
|
|a 0416744702 :
|c $29.95 (U.S.)
|
| 035 |
|
|
|a (OCoLC)07976662
|
| 035 |
|
|
|9 AAH6870AM
|
| 040 |
|
|
|a DLC
|c DLC
|d TXA
|d UtOrBLW
|
| 043 |
|
|
|a e-uk---
|
| 049 |
|
|
|a TXAM
|
| 050 |
0 |
0 |
|a PR433
|b P6 1981
|
| 082 |
0 |
|
|a 820/.9/003
|2 19
|
| 245 |
0 |
0 |
|a Poetry and drama, 1570-1700 :
|b essays in honour of Harold F. Brooks /
|c edited by Antony Coleman and Antony Hammond.
|
| 264 |
|
1 |
|a London ;
|a New York :
|b Methuen,
|c 1981.
|
| 300 |
|
|
|a 248 pages :
|b portrait ;
|c 22 cm.
|
| 336 |
|
|
|a text
|b txt
|2 rdacontent
|
| 337 |
|
|
|a unmediated
|b n
|2 rdamedia
|
| 338 |
|
|
|a volume
|b nc
|2 rdacarrier
|
| 504 |
|
|
|a Includes bibliographical references and index.
|
| 504 |
|
|
|a "List of the published writings and the recordings of Harold F. Brooks": pages [233]-238.
|
| 536 |
|
|
|a From the library of Harrison T. Meserole, 2002.
|
| 600 |
1 |
0 |
|a Brooks, Harold F.
|q (Harold Fletcher)
|
| 650 |
|
0 |
|a English literature
|y Early modern, 1500-1700
|x History and criticism.
|
| 700 |
1 |
|
|a Brooks, Harold F.
|q (Harold Fletcher)
|
| 700 |
1 |
|
|a Coleman, Antony.
|
| 700 |
1 |
|
|a Hammond, Antony.
|
| 999 |
|
|
|a MARS
|
| 999 |
f |
f |
|s 4f3a65c3-92d4-3000-89af-a8fe38423720
|i b365bda0-dd75-3a10-99bb-3775fbe9b973
|t 0
|
| 952 |
f |
f |
|p normal
|a Texas A&M University
|b College Station
|c Sterling C. Evans Library
|d Evans: Library Stacks
|t 0
|e PR433 P6 1981
|h Library of Congress classification
|i unmediated -- volume
|m A14830111642
|
| 998 |
f |
f |
|a PR433 P6 1981
|t 0
|l Evans: Library Stacks
|